Statistiques concernant Les conjonctions de coordination dans la langue française

Cliquez ici pour prendre le quiz!

Statistiques générales

  • Ce quiz a été pris 133 fois
  • Le résultat moyen est 7 sur 7

Statistiques - réponses

Conjonction de coordination% Correct
ou
100%
mais
99%
et
99%
or
99%
donc
98%
car
98%
ni
97%

Distribution des résultats

Percentile par nombre de réponses

% des personnes avec chaque résultat

Votre développement - résultats

Vous n’avez pas pris ce quiz